Об отпуске Коммунистическому Университету трудящихся Востока 23000 руб. для покрытия ГИЗу убытка от издания "Малой энциклопедии ...

Доступно только в Электронных читальных залах Найти на картеНа карте
RUSMARC
00004739nac2a22003013x 450
001190d9456-8ab7-47ee-a981-d11fb93b2407
00520230720100754.0
100##$a20230613l19291929k y0rusy50 ca
1010#$arus
102##$aRU
105##$ay f |||||
1222#$ad19290605
$ad19290606
2001#$aОб отпуске Коммунистическому Университету трудящихся Востока 23000 руб. для покрытия ГИЗу убытка от издания "Малой энциклопедии зарубежного Востока"
$j05.06.1929 - 06.06.1929
215##$a5 листов
$d35 х 24,2
251##$cДело
300##$aВ деле обратная нумерация листов
300##$aЗаголовок дела на папке: Об отпуске Коммунистическому Университету трудящихся Востока 23000 р. для покрытия ГИЗу убытка от издания "Малой энциклопедии зарубежного Востока"
300##$aЧасть текста машинописная с рукописными пометками, часть - напечатана типографским способом
324##$aВ деле имеются копии отдельных документов
461#0$1001796d4672-8a00-4986-b488-6e42273792cc
$12001
$aЦЕНТРАЛЬНЫЙ ИСПОЛНИТЕЛЬНЫЙ КОМИТЕТ СССР (ЦИК СССР).
$1251
$cФонд
$1852
$gР
$j3316
462#0$10016e6e8ba4-e15f-4ad4-8937-f1e88c150bfe
$12001
$aДела Секретариата Президиума ЦИК Союза ССР. 1929 г.
$vД. 994
$1251
$cОпись
$1852
$j22
5171#$aОб отпуске Коммунистическому Университету трудящихся Востока 23000 р. для покрытия ГИЗу убытка от издания "Малой энциклопедии зарубежного Востока"
60101$3RU\NLR\AUTH\880357276
$aСССР
$bЦИК
60102$3RU\NLR\AUTH\889951003
$aКоммунистический университет трудящихся Востока имени И. В. Сталина
$cМосква
60102$3RU\NLR\AUTH\66293375
$aГосударственное издательство РСФСР
801#0$aRU
$bGA_RF
801#1$aRU
$bГлавНИВЦ
$c20230613
$2rusmarc
801#2$aRU
$bПБ им. Б.Н. Ельцина
$c20230720
$gRCR
$2rusmarc
852##$aГА РФ
$j994
937##$d186707889
$hГАРФ
035##$aRuPRLIB51072717
856##$uhttp://readingroom.main.prlib.ru/item.aspx?id_node=n186707889&mode=full
Формат отображения